Adaptive Polymorphism associated with multiple müllerian mimicry in Heliconius numata (<Lepid. Nymph.>) (Registro nro. 11164)
[ vista simple ]
| 000 -CABECERA | |
|---|---|
| Campo de control | 006150000a22001930004500 |
| 090 ## - CLASIFICACIÓN LOCAL | |
| Colección | AR |
| Consecutivo | 02087 |
| 041 0# - IDIOMA | |
| Código de idioma para texto/pista de sonido o título separado | |
| 100 1# - ASIENTO PRINCIPAL--NOMBRE PERSONAL | |
| Nombre personal | Brown, Keith S. |
| 245 10 - MENCION DE TITULO | |
| Título | Adaptive Polymorphism associated with multiple müllerian mimicry in Heliconius numata (<Lepid. Nymph.>) |
| 650 14 - ASIENTO SECUNDARIO DE MATERIA - TERMINO TEMATICO | |
| Término temático o nombre geográfico como elemento de entrada | Entomología |
| 650 14 - ASIENTO SECUNDARIO DE MATERIA - TERMINO TEMATICO | |
| Término temático o nombre geográfico como elemento de entrada | Análisis genético |
| 650 14 - ASIENTO SECUNDARIO DE MATERIA - TERMINO TEMATICO | |
| Término temático o nombre geográfico como elemento de entrada | Mariposas |
| 650 14 - ASIENTO SECUNDARIO DE MATERIA - TERMINO TEMATICO | |
| Término temático o nombre geográfico como elemento de entrada | Evolución |
| 651 #4 - ASIENTO SECUNDARIO DE MATERIA - NOMBRE GEOGRAFICO | |
| -- | América del Sur |
| 653 ## - TERMINO DE INDIZACION - NO CONTROLADO | |
| -- | Heliconius |
| -- | Heliconius numata |
| 700 1# - ASIENTO SECUNDARIO - NOMBRE PERSONAL | |
| Nombre personal | Benson, Woodruff W. |
| 773 1# - Item fuente: | |
| Título | Biotropica |
| Especificación de materiales | 9 |
| Descripción física | 4 |
| Paginas del Articulo | 205-228 |
| Lugar, editorial y fecha de publicación | 1974 |
| Información sobre la relación | 6 |
| 942 ## - ELEMENTOS ADICIONALES (KOHA) | |
| Tipo de ítem | Artículo |
| Withdrawn status | Lost status | Damaged status | No para préstamo | Colección | Ubicación Permanente | Ubicación actual | Fecha de adquisición | Datos de publicación Seriada | Total Checkouts | Número topográfico | Inventario / Código de Barras | Date last seen | Ejemplar | Price effective from | Forma de adquisición | Tipo de material |
|---|---|---|---|---|---|---|---|---|---|---|---|---|---|---|---|---|
| No para Préstamo | Hemeroteca | Bogotá | Bogotá | 27/02/2015 | Fuera de circulación | AR 02087 | 012463 | 25/03/2015 | 1 | 25/03/2015 | Artículo |